000 00541nam a2200205Ia 4500
005 20260429112006.0
008 260429s9999||||xx |||||||||||||| ||und||
020 _a9781787152700
041 _aEnglish
082 _a631.52
_bBAT
100 _aBates, Ricky
245 0 _aPlant breeding /
_cRicky Bates
260 _aUnited States :
_bKruger Brentt Publishers,
_c2024.
300 _axii, 407 p.; hb
650 _a Plant breeding
650 _a Plant cultivation
650 _aAgriculture
700 _a Walters, Stuart
942 _cTB
999 _c51787
_d51787